00560 2200205 4500001002100000005001500021035002000036007000300056008004100059020001500100082001400115084002000129100001400149245008100163250001000244260004000254300003300294700001800327990000900345INLIS00000000001229020220628024622 a0010-0622000800ta220628 g 0 ind  a9793084480 a639.31572 a639.31572 KHA b0 aKHAIRUMAN1 aBudi daya lele dumbo secara intensif /cKhairuman dan Ir. Khairul Amri, S.Pi aCet.1 aJakarta :bAgromedia Pustaka,c2005 aiv, 80 hlm :bilus. ;c19 cm0 aKHAIRUL, Amri a527c